Arte de la pintura (Record no. 161214)

MARC details
000 -LEADER
campo de control de longitud fija 00927nam a2200229 i 4500
001 - NÚMERO DE CONTROL
campo de control 161214
003 - IDENTIFICADOR DE NÚMERO DE CONTROL
campo de control ES-MaACL
005 - FECHA Y HORA DE LA ÚLTIMA TRANSACCIÓN
campo de control 20250905063052.0
008 - DATOS DE LONGITUD FIJA--INFORMACIÓN GENERAL
campo de control de longitud fija 950614s1866 sp |||| | spa d
080 ## - NÚMERO DE LA CLASIFICACIÓN DECIMAL UNIVERSAL
Número de la Clasificación Decimal Universal 75
100 1# - ENTRADA PRINCIPAL--NOMBRE DE PERSONA
Nombre de persona Pacheco, Francisco,
Fechas asociadas al nombre 1564-1644
9 (RLIN) 151434
245 10 - MENCIÓN DEL TÍTULO
Título Arte de la pintura
Resto del título : su antigüedad y grandeza... /
Mención de responsabilidad, etc. por Francisco Pacheco...
250 ## - MENCION DE EDICION
Mención de edición 2\pa\s ed... fielmente copiada de la primera que dió a la estampa su autor en Sevilla el año de 1649
Resto de la mención de edición dirígela D.G. Cruzada Villaamil.
260 ## - PUBLICACIÓN, DISTRIBUCIÓN, ETC.
Lugar de publicación, distribución, etc. Madrid :
Nombre del editor, distribuidor, etc. [s.n.],
Fecha de publicación, distribución, etc. 1866 (
Fabricante Imprenta de Manuel Galiano...)
300 ## - DESCRIPCIÓN FÍSICA
Extensión 2 v. (432; 382 p.) ;
Dimensiones 23 cm.
490 1# - MENCIÓN DE SERIE
Mención de serie Biblioteca de El arte en España ;
Designación de volumen o secuencia 2-3
650 #7 - PUNTO DE ACCESO ADICIONAL DE MATERIA--TÉRMINO DE MATERIA
Término de materia o nombre geográfico como elemento de entrada Pintura
Fuente del encabezamiento o término embne
9 (RLIN) 16002
700 1# - ENTRADA AGREGADA--NOMBRE PERSONAL
Nombre de persona Cruzada Villaamil, Gregorio.
9 (RLIN) 41863
830 00 - PUNTO DE ACCESO ADICIONAL DE SERIE-TÍTULO UNIFORME
Título uniforme Biblioteca de El arte en España
Designación de volumen o secuencia 2-3
9 (RLIN) 188326
852 ## - LOCALIZACIÓN
Ubicación ES-MaACL
Número de control de estantería B-5356-57
Nota libre -- Enc. hol.
Holdings
Estatus retirado Estado de pérdida Estado de daño No para préstamo Colección Biblioteca de origen Biblioteca actual Ubicación en estantería Fecha de adquisición Total de préstamos Signatura topográfica completa Código de barras Visto por última vez Precio de reemplazo Tipo de ítem Koha
        Libros del s. XIX Biblioteca del Ateneo de Madrid Biblioteca del Ateneo de Madrid Sala Pardo Bazán 17/01/2008   B-5356-57 1168858 23/02/2023 23/02/2023 Libro impreso antiguo